[Event "DEN-ch"]
[Site "Esbjerg"]
[Date "1997.03.23"]
[Round "2"]
[White "Ochsner, Thomas"]
[Black "Hansen, Curt"]
[Result "0-1"]
[WhiteElo "2300"]
[BlackElo "2605"]
[PlyCount "100"]
[EventDate "1997.03.22"]
[EventType "tourn"]
[EventRounds "9"]
[EventCountry "DEN"]
[EventCategory "10"]
[Source "ChessBase"]
[SourceDate "1997.09.29"]

1. e4 c5 2. c3 d5 3. exd5 Qxd5 4. d4 Nf6 5. Nf3 e6 6. Be3 Ng4 7. Nbd2 Be7 8.
Bc4 Qf5 9. O-O Nd7 10. Qe2 Nxe3 11. fxe3 Qh5 12. Ne4 O-O 13. Ng3 Qh6 14. e4 Nb6
15. Bb3 Bd7 16. Ne5 Rad8 17. d5 c4 18. Bxc4 Bc5+ 19. Kh1 Bd6 20. Ng4 Qh4 21. e5
exd5 22. Rf4 Qg5 23. Raf1 Nxc4 24. exd6 Rfe8 25. Qd1 Nxd6 26. Qf3 Re7 27. Ne3
Be6 28. Nef5 Bxf5 29. Nxf5 Re4 30. h4 Qxf4 31. Qxf4 Rxf4 32. Rxf4 Nxf5 33. Rxf5
f6 34. Rf2 d4 35. cxd4 Rxd4 36. g3 Kf7 37. Kg2 h5 38. Rc2 Ke6 39. Kf3 Rd3+ 40.
Kf4 Rd4+ 41. Ke3 Rb4 42. b3 Kf5 43. Kf3 Rb5 44. Rc7 g6 45. Re7 a5 46. Rc7 Rd5
47. Rc3 b5 48. Re3 b4 49. Re2 g5 50. hxg5 fxg5 {black is threatening Rd3 and
then simple Rc3 when after Rd2 he playes Ke4 with an idea such as Ke3,white is
hopeless in this endgame,he could have played few more moves without changing
the fianl result} 0-1

[Event "DEN-ch"]
[Site "Esbjerg"]
[Date "1997.03.29"]
[Round "8"]
[White "Ochsner, Thomas"]
[Black "Sahl, Bjarke"]
[Result "1/2-1/2"]
[WhiteElo "2300"]
[BlackElo "2415"]
[PlyCount "94"]
[EventDate "1997.03.22"]
[EventType "tourn"]
[EventRounds "9"]
[EventCountry "DEN"]
[EventCategory "10"]
[Source "ChessBase"]
[SourceDate "1997.09.29"]

1. e4 c5 2. c3 d6 3. d4 Nf6 4. Bd3 g6 5. h3 Bg7 6. Nf3 O-O 7. O-O Qc7 8. Re1
Nfd7 9. Bg5 Nc6 10. Na3 a6 11. Nc2 b5 12. Bf1 Re8 13. Qd2 Bb7 14. a4 Na5 15.
Qd1 Nb3 16. Ra3 c4 17. Nd2 Nxd2 18. Qxd2 e5 19. f3 Nf8 20. Kh1 Ne6 21. Be3 h5
22. axb5 axb5 23. b4 Reb8 24. d5 Nf8 25. Rea1 Rxa3 26. Rxa3 Bc8 27. g4 Qd8 28.
Bg5 Bf6 29. Be3 hxg4 30. hxg4 Nh7 31. Ra7 Bg5 32. Bxg5 Nxg5 33. Qf2 Kg7 34. Bg2
Qf6 35. Kg1 Qf4 36. Ne3 Bb7 37. Kf1 Ra8 38. Rxa8 Bxa8 39. Ke2 Bb7 40. Qg1 Qf6
41. Qa1 Bc8 42. Qa8 Bd7 43. Qa7 Qe7 44. Kf1 f6 45. Nd1 Nf7 46. Nf2 Qd8 47. Nh3
Qe8 1/2-1/2

[Event "DEN-ch"]
[Site "Esbjerg"]
[Date "1997.03.25"]
[Round "4"]
[White "Sahl, Bjarke"]
[Black "Mortensen, Erling"]
[Result "1/2-1/2"]
[WhiteElo "2415"]
[BlackElo "2450"]
[PlyCount "41"]
[EventDate "1997.03.22"]
[EventType "tourn"]
[EventRounds "9"]
[EventCountry "DEN"]
[EventCategory "10"]
[Source "ChessBase"]
[SourceDate "1997.09.29"]

1. e4 e6 2. d4 d5 3. Nc3 Bb4 4. e5 c5 5. a3 Bxc3+ 6. bxc3 Ne7 7. Nf3 b6 8. Bb5+
Bd7 9. Bd3 c4 10. Be2 Ba4 11. h4 h6 12. Ng1 Nbc6 13. Nh3 Ng6 14. g3 Kd7 15. Bh5
Nce7 16. Ra2 Qg8 17. O-O Kc7 18. Kh2 Kb7 19. f4 Nf5 20. Qe2 Nge7 21. Bd2
1/2-1/2

[Event "DEN-ch"]
[Site "Esbjerg"]
[Date "1997.03.27"]
[Round "6"]
[White "Sahl, Bjarke"]
[Black "Nielsen, Peter Heine"]
[Result "1/2-1/2"]
[WhiteElo "2415"]
[BlackElo "2525"]
[PlyCount "82"]
[EventDate "1997.03.22"]
[EventType "tourn"]
[EventRounds "9"]
[EventCountry "DEN"]
[EventCategory "10"]
[Source "ChessBase"]
[SourceDate "1997.09.29"]

1. e4 c6 2. d4 d5 3. exd5 cxd5 4. c4 Nf6 5. Nc3 e6 6. Nf3 Bb4 7. cxd5 Nxd5 8.
Bd2 Nc6 9. Bd3 Be7 10. O-O O-O 11. Ne4 Qb6 12. Bc3 Bd7 13. Qd2 Rfd8 14. Rad1
Rac8 15. Rfe1 Be8 16. Bb1 Qc7 17. a3 Bf8 18. h4 g6 19. h5 Bg7 20. hxg6 hxg6 21.
Qg5 Nce7 22. Ba2 Nf5 23. Bxd5 Rxd5 24. Nf6+ Bxf6 25. Qxf6 Qe7 26. Qxe7 Nxe7 27.
Rc1 Rdd8 28. Ba5 b6 29. Bd2 Nd5 30. Rxc8 Rxc8 31. Rc1 Rxc1+ 32. Bxc1 Kf8 33.
Ng5 Ke7 34. Kf1 f6 35. Ne4 Bb5+ 36. Ke1 Bd3 37. f3 Kd7 38. g3 Bxe4 39. fxe4 Nc7
40. Ke2 f5 41. Bf4 Ne8 1/2-1/2

[Event "DEN-ch"]
[Site "Esbjerg"]
[Date "1997.03.23"]
[Round "2"]
[White "Sahl, Bjarke"]
[Black "Danielsen, Henrik"]
[Result "1/2-1/2"]
[WhiteElo "2415"]
[BlackElo "2490"]
[PlyCount "96"]
[EventDate "1997.03.22"]
[EventType "tourn"]
[EventRounds "9"]
[EventCountry "DEN"]
[EventCategory "10"]
[Source "ChessBase"]
[SourceDate "1997.09.29"]

1. e4 Nf6 2. e5 Nd5 3. d4 d6 4. Nf3 dxe5 5. Nxe5 g6 6. c4 Nf6 7. Be2 Bg7 8. O-O
O-O 9. Nc3 c6 10. Be3 Be6 11. h3 Nbd7 12. f4 Nb6 13. Qb3 Ne8 14. Ne4 Nd6 15.
Nc5 Qc8 16. Nxe6 Qxe6 17. d5 cxd5 18. c5 d4 19. Bf2 Nd5 20. cxd6 Nxf4 21. Bc4
Qxe5 22. dxe7 Qxe7 23. Rae1 Qc5 24. Re4 g5 25. Bg3 Qc6 26. Rfe1 Rac8 27. Bb5
Qb6 28. Bxf4 gxf4 29. Bd3 Qd6 30. Qd1 f5 31. Re6 Qd5 32. Re7 Rc6 33. Qe2 Kh8
34. Re8 Rg6 35. Kf1 Rg3 36. Rxf8+ Bxf8 37. Bc4 Qd6 38. Qe5+ Qxe5 39. Rxe5 f3
40. gxf3 Rxf3+ 41. Kg2 Rf4 42. Bd3 Kg7 43. Rxf5 Rxf5 44. Bxf5 h6 45. Kf3 Kf6
46. Bc8 b5 47. Ke4 Bc5 48. Ba6 b4 1/2-1/2

[Event "DEN-ch"]
[Site "Esbjerg"]
[Date "1997.03.25"]
[Round "4"]
[White "Schandorff, Lars"]
[Black "Danielsen, Henrik"]
[Result "1-0"]
[WhiteElo "2510"]
[BlackElo "2490"]
[PlyCount "97"]
[EventDate "1997.03.22"]
[EventType "tourn"]
[EventRounds "9"]
[EventCountry "DEN"]
[EventCategory "10"]
[Source "ChessBase"]
[SourceDate "1997.09.29"]

1. d4 f5 2. g3 Nf6 3. Bg2 c5 4. Nf3 Na6 5. O-O g6 6. c4 Bg7 7. Nc3 O-O 8. b3 d6
9. Bb2 h6 10. a3 g5 11. dxc5 Nxc5 12. Qc2 f4 13. b4 Ne6 14. Nd5 Nxd5 15. cxd5
Bxb2 16. Qxb2 Ng7 17. Nd4 Bd7 18. Rac1 Qb6 19. Rfd1 fxg3 20. hxg3 Rac8 21. Be4
a5 22. Kg2 axb4 23. axb4 Rf6 24. Rxc8+ Bxc8 25. Rc1 Bd7 26. Qc3 Rf8 27. Rh1 Rf6
28. e3 Qd8 29. f4 gxf4 30. gxf4 Kf7 31. Kf2 h5 32. Nf3 Bg4 33. Ng5+ Kg8 34.
Bh7+ Kf8 35. Bd3 Kg8 36. Kg2 Qb6 37. Rc1 Rf8 38. Bh7+ Kh8 39. Bg6 Qb5 40. Qd2
Rc8 41. Nf7+ Kg8 42. Nh6+ Kh8 43. Nxg4 Rxc1 44. Qxc1 Qxd5+ 45. Kg1 hxg4 46.
Qc8+ Qg8 47. Qxb7 Ne8 48. f5 Qg7 49. Qa8 1-0

[Event "DEN-ch"]
[Site "Esbjerg"]
[Date "1997.03.24"]
[Round "3"]
[White "Schandorff, Lars"]
[Black "Ochsner, Thomas"]
[Result "1-0"]
[WhiteElo "2510"]
[BlackElo "2300"]
[PlyCount "101"]
[EventDate "1997.03.22"]
[EventType "tourn"]
[EventRounds "9"]
[EventCountry "DEN"]
[EventCategory "10"]
[Source "ChessBase"]
[SourceDate "1997.09.29"]

1. d4 Nf6 2. c4 e6 3. Nc3 Bb4 4. Qc2 O-O 5. a3 Bxc3+ 6. Qxc3 b6 7. Bg5 Ba6 8.
e3 d6 9. Bd3 Nbd7 10. Ne2 h6 11. Bh4 c5 12. b4 Rc8 13. dxc5 dxc5 14. b5 Bb7 15.
f3 Qe7 16. O-O Rfd8 17. Bc2 Nf8 18. Rfd1 Rxd1+ 19. Rxd1 Rd8 20. Rxd8 Qxd8 21.
Kf1 N8d7 22. Qd3 Qe7 23. Nc3 Nf8 24. Bg3 Qe8 25. a4 Qa8 26. Ke2 N6d7 27. Qd6
Qd8 28. Kd2 Qa8 29. Qc7 Qc8 30. Qxc8 Bxc8 31. Be4 f5 32. Bc6 e5 33. Bd5+ Kh7
34. f4 e4 35. Bh4 g5 36. fxg5 Ng6 37. Bg3 hxg5 38. Be6 f4 39. Bf2 Ngf8 40. Bf5+
Kg7 41. exf4 gxf4 42. Nxe4 Bb7 43. g3 Ne5 44. Nd6 fxg3 45. Bxg3 Kf6 46. Bh4+
Kg7 47. Kc3 Bg2 48. Nc8 Bf1 49. Nxa7 Nxc4 50. Nc8 Kf7 51. Bc2 1-0

[Event "DEN-ch"]
[Site "Esbjerg"]
[Date "1997.03.22"]
[Round "1"]
[White "Schandorff, Lars"]
[Black "Sahl, Bjarke"]
[Result "1/2-1/2"]
[WhiteElo "2510"]
[BlackElo "2415"]
[PlyCount "36"]
[EventDate "1997.03.22"]
[EventType "tourn"]
[EventRounds "9"]
[EventCountry "DEN"]
[EventCategory "10"]
[Source "ChessBase"]
[SourceDate "1997.09.29"]

1. d4 f5 2. g3 Nf6 3. Bg2 c6 4. Nf3 g6 5. c3 Bg7 6. Qb3 a5 7. Ne5 e6 8. Nd2 d6
9. Nd3 O-O 10. e4 a4 11. Qc2 Nbd7 12. exf5 exf5 13. O-O Nb6 14. Re1 Re8 15.
Rxe8+ Qxe8 16. Nf3 Be6 17. Nf4 Bf7 18. h4 Ne4 1/2-1/2

[Event "DEN-ch"]
[Site "Esbjerg"]
[Date "1997.03.29"]
[Round "8"]
[White "Schandorff, Lars"]
[Black "Nielsen, Peter Heine"]
[Result "1/2-1/2"]
[WhiteElo "2510"]
[BlackElo "2525"]
[PlyCount "46"]
[EventDate "1997.03.22"]
[EventType "tourn"]
[EventRounds "9"]
[EventCountry "DEN"]
[EventCategory "10"]
[Source "ChessBase"]
[SourceDate "1997.09.29"]

1. d4 Nf6 2. c4 e6 3. Nc3 Bb4 4. Qc2 O-O 5. a3 Bxc3+ 6. Qxc3 b6 7. Bg5 Bb7 8.
f3 h6 9. Bh4 d5 10. e3 Re8 11. Rc1 Nbd7 12. cxd5 exd5 13. Bf2 c5 14. Bb5 Rc8
15. Ne2 a6 16. Bd3 cxd4 17. Qxd4 Nc5 18. O-O Bc6 19. Bf5 Bd7 20. Ng3 Rc6 21.
Rcd1 Bxf5 22. Nxf5 Qd7 23. Ng3 Rec8 1/2-1/2